000
00355 a2200169 4500
001
188036
020
_a
85-7319-025-6
040
_c
Magnum
100
_a
Peixoto, Sérgio Alves
240
1
0
_a
Esfinge fácil
_l
por
245
1
0
_a
Esfinge fácil
300
_a
55
362
0
_a
1995
440
1
_a
Dimensão
697
_a
LITERATURA JUVENIL
942
_c
BK
999
_c
188036
_d
188036